La gambusia holbroohii en España / (Record no. 111344)

MARC details
000 -LEADER
campo de control de longitud fija 00702nam a2200193 i 4500
001 - NÚMERO DE CONTROL
campo de control 111344
003 - IDENTIFICADOR DE NÚMERO DE CONTROL
campo de control ES-MaACL
005 - FECHA Y HORA DE LA ÚLTIMA TRANSACCIÓN
campo de control 20230906185303.0
007 - CAMPO FIJO DE DESCRIPCIÓN FÍSICA--INFORMACIÓN GENERAL
campo de control de longitud fija t|
008 - DATOS DE LONGITUD FIJA--INFORMACIÓN GENERAL
campo de control de longitud fija 061121s1946 sp r ||||1| spa d
100 1# - ENTRADA PRINCIPAL--NOMBRE DE PERSONA
Nombre de persona Nájera Angulo, Luis.
9 (RLIN) 84870
245 13 - MENCIÓN DEL TÍTULO
Título La gambusia holbroohii en España /
Mención de responsabilidad, etc. por el Dr. Luia Nájera Angulo ; prólogo del ilustrísimo Sr. D. Luis Velaz Medrano.
260 ## - PUBLICACIÓN, DISTRIBUCIÓN, ETC.
Lugar de publicación, distribución, etc. Madrid :
Nombre del editor, distribuidor, etc. [s.n.],
Fecha de publicación, distribución, etc. 1946 (
Fabricante C. Bermejo impresor)
300 ## - DESCRIPCIÓN FÍSICA
Extensión VII, 82 p. 1 map. pleg. :
Otras características físicas il ;
Dimensiones 24 cm.
650 #4 - PUNTO DE ACCESO ADICIONAL DE MATERIA--TÉRMINO DE MATERIA
Término de materia o nombre geográfico como elemento de entrada Paludismo-
Subdivisión general Prevención.
9 (RLIN) 156436
650 #4 - PUNTO DE ACCESO ADICIONAL DE MATERIA--TÉRMINO DE MATERIA
Término de materia o nombre geográfico como elemento de entrada Anofeles-
Subdivisión general Control biológico.
9 (RLIN) 167232
700 1# - ENTRADA AGREGADA--NOMBRE PERSONAL
Nombre de persona Vélaz de Medrano, Luis.
9 (RLIN) 113790
852 ## - LOCALIZACIÓN
Ubicación ES-MaACL
Número de control de estantería 1870-F-29
Sublocalización o colección R.23554
Holdings
Estatus retirado Estado de pérdida Estado de daño No para préstamo Colección Biblioteca de origen Biblioteca actual Ubicación en estantería Fecha de adquisición Fuente de adquisición Total de préstamos Signatura topográfica completa Código de barras Visto por última vez Precio de reemplazo Tipo de ítem Koha
        Colección de folletos Biblioteca del Ateneo de Madrid Biblioteca del Ateneo de Madrid Depósito folletos 17/01/2008     1870-F-29 1116163 23/02/2023 23/02/2023 Folleto